| 000 | 00728nam a2200265 i 4500 | ||
|---|---|---|---|
| 001 | bg | ||
| 100 | 1 |
_aKącki, Edward _d(1925- ). |
|
| 245 | 1 | 0 |
_aGeometria analityczna w zadaniach / _cE. Kącki, D. Sadowska, L. Siewierski. |
| 250 | _aWyd. 3. | ||
| 260 |
_aWarszawa : _bWydawnictwo Naukowe PWN, _c1993. |
||
| 300 |
_a395, [1] s. : _brys., wykr., _c24 cm. |
||
| 504 | _aIndeks. | ||
| 650 | 9 | _aGeometria analityczna | |
| 655 | _aĆwiczenia i zadania | ||
| 700 | 1 | _aSadowska, Danuta. | |
| 700 | 1 | _aSiewierski, Lucjan. | |
| 020 | _a8301085029 | ||
| 040 | _cBPK | ||
| 041 | 0 | _apol | |
| 080 | _a514.1 | ||
| 080 | _a(075.8+076) | ||
| 920 | _a83-01-08502-9 | ||
| 942 | _cKS | ||
| 008 | 960315s1993 pl f |000 0 pol | ||
| 999 |
_c24477 _d24477 |
||
| 856 |
_uhttp://koha.tu.koszalin.pl/cgi-bin/koha/opac-detail.pl?biblionumber=24477 _yKatalog online BPK |
||